Представление документа в формате MARC21

Поле Инд. ПП Название Значение
Тип записи a
Библиографический уровень b
001 Контрольный номер RU/IS/BASE/251921529
005 Дата корректировки 20200525212420.0
008 Кодируемые данные 20071225
040 b Код языка каталог. rus
e Правила каталог. PSBO
041 0_ a Код языка текста rus
084 a Индекс другой классификации/Индекс ББК 83.3(0)-45-021; 83.3(2=411.2)5-45; 83.014.5; 83.014.7
100 1_ a Автор Казакова Л. А.
245 10 a Заглавие Комическая поэма: к проблеме жанровой сущности
504 a Библиография Библиогр. ссылки
520 0_ a Аннотация Исследуется жанр комической поэмы в историко-литературном аспекте: от античности к европейскому средневековью. Основное внимание уделено русской поэзии XVIII - XIX вв.
650 04 a Основная рубрика история литературы
a Основная рубрика литературоведение
a Основная рубрика теория литературы
a Основная рубрика филологические науки
653 0_ a Ключевые слова жанры
a Ключевые слова комическая поэма
a Ключевые слова литературные жанры
a Ключевые слова пародирование
a Ключевые слова поэмы
a Ключевые слова поэтические жанры
773 0_ t Заглавие источника Филологические науки
d Дата издания источника 2007
g Прочая информация № 6. - С. 14 - 22
w Контрольный № источника RU/IS/BASE/251381190
901 t Тип документа b